000 00628nam a2200241Ia 4500
005 20260325172949.0
008 260325s9999||||xx |||||||||||||| ||und||
020 _a0750661291
020 _a9780750661294
020 _qpbk
020 _qpbk
082 _a629.243
_bHAR
100 _aHarrison, Matthew
245 0 _aVehicle refinement : controlling noise and vibration in road vehicles
260 _aOxford
_bElsevier
_c2004
300 _axi, 345p. ; 24cm.
653 _aAutomobiles Bruit
653 _aAutomobiles Noise
653 _aAutomobiles Vibration
653 _aME432
653 _aME632
942 _cBK
999 _c53134
_d53134